000 00839nam a22002297a 4500
999 _c22460
_d22460
003 AR-CdUCM
008 190319b ||||| |||| 00| 0 spa d
020 _a9786124753206
040 _aMUNICIPALIDAD PROVINCIAL DEL CUSCO
_cBIBLIOTECA MUNICIPAL DEL CUSCO
082 _a523.1/H27H
_bH27H
100 _aHawking, Stephen
_948247
245 _aHistoria del tiempo :
_bdel big bang a los agujeros negros /
_cStephen W. Hawking, traducción castellana de Miguel Ortuño
260 _aBarcelona :
_alima :
_bCrítica,
_bAleph,
_c2020.
300 _a245 Páginas. :
_bilustraciones ;
_c23 cm.
500 _aEstudio de la materia, la energía, el planeta Tierra y el universo
650 _aCosmología
_913090
650 _aUniverso
_918615
650 _aMateria
_9883
700 _aOrtuño, Miguel
_948248
942 _2ddc
_cLIBROS
945 _arac